000
00275nam a2200097Ia 4500
008
240331s9999 xx 000 0 und d
082
_a
303.6
_b
ETH
100
_a
De Silva, K. M.. ed
245
0
_a
Ethnic conflict in Buddhist societies :
_b
Sri Lanka, Thailand and Burma
942
_c
L
999
_c
1250
_d
1250